| 000 | 00967pam a2200313 i 4500 | ||
|---|---|---|---|
| 001 | 016635441 | ||
| 003 | OSt | ||
| 005 | 20150323130211.0 | ||
| 008 | 140217s2014 enka 001 0 eng|d | ||
| 020 | _a9780077161149 (pbk.) | ||
| 020 | _a0077161149 (pbk.) | ||
| 040 |
_aStDuBDS _beng _cStDuBDS _dUk _dEG-ScBUE |
||
| 082 | 0 | 0 |
_a332.6 _bBOD _222 |
| 100 | 1 | _aBodie, Zvi, | |
| 245 | 1 | 0 |
_aInvestments / _cZvi Bodie, Alex Kane and Alan J. Marcus. |
| 250 | _a10th ed., global ed. | ||
| 260 |
_aMaidenhead : _bMcGraw-Hill Education, _cc.2014. |
||
| 300 |
_a[Various pagings] : _bill. ; _c26 cm. |
||
| 490 | 0 | _aThe McGraw-Hill/Irwin series in finance, insurance, and real estate | |
| 500 | _aIncludes index. | ||
| 500 | _aIncludes glossary | ||
| 650 | 0 | _aInvestments. | |
| 650 | 0 | _aPortfolio management. | |
| 653 |
_bBUSECO _cMarch2015 |
||
| 655 |
_vtext book _933728 |
||
| 700 | 1 |
_aKane, Alex. _99027 |
|
| 700 | 1 |
_aMarcus, Alan J. _99028 |
|
| 942 |
_2ddc _k332.6 BOD |
||
| 999 |
_c19101 _d19073 |
||